000
00289nam a2200109 4500
008
160622b xxu||||| |||| 00| 0 eng d
100
_9
552
_a
NCERT
245
_a
A Text Book of Mathematics - XI, XII
260
_a
NCERT
_c
1985
300
_a
A Text Book of Mathematics - XI, XII
942
_2
ddc
_c
BK
999
_c
462
_d
462